Asian cities geography quiz - Statistics

General Stats
  • This quiz has been taken 32 times
  • The average score is 12 of 18
Answer Stats
Hint Country % Correct
Which city is known for the Bollywood film industry? Mumbai
100%
Which city is home to the Forbidden City? Beijing
96%
Which city is considered the holiest site in Islam? Mecca
92%
Which capital city is located in the Gobi Desert? Ulaanbaatar
88%
Which capital city was formerly known as Nur-Sultan Astana
85%
Which capital cities are located along the Persian Gulf? Doha
81%
Which capital cities are located along the Persian Gulf? Abu Dhabi
73%
Which city is home to the Dome of the Rock and the Western Wall? Jerusalem
73%
Which city is famous for its ancient Terracotta Army? Xi’an
73%
Which city is built on a delta formed by the Ganges, Brahmaputra, and Meghna Rivers? Dhaka
69%
Which capital cities are located along the Persian Gulf? Kuwait City
69%
Which capital cities are located along the Persian Gulf? Manama
65%
Which ancient city is carved into red sandstone cliffs and was the capital of the Nabatean Kingdom? Petra
65%
Which city is the lowest national capital in the world by elevation? Baku
62%
Which major city is situated on the shores of Lake Baikal? Irkutsk
38%
Which city on the ancient silk road is famous for its blue-tiled mosques and Registan Square? Samarkand
35%
Which Cambodian city serves as the gateway to the ancient temple complex of Angkor Wat? Siem Reap
31%
Which city in the Fergana Valley is a key agricultural hub in Central Asia? Osh
12%
No matching quizzes found
Score Distribution
Percent of People with Each Score
Percentile by Number Answered
Your Score History
You have not taken this quiz